[Event "CAN-ch U20 U1800"]
[Site "Toronto"]
[Date "2018.08.12"]
[Round "8.15"]
[White "Srinivas, Atharva"]
[Black "Yang, Brett"]
[Result "1/2-1/2"]
[WhiteElo "1588"]
[BlackElo "1316"]
[PlyCount "29"]
[EventDate "2018.08.08"]
[EventType "swiss"]
[EventRounds "9"]
[EventCountry "CAN"]
[SourceTitle "EXT 2022"]
[Source "ChessBase"]
[SourceDate "2021.10.06"]
[SourceVersion "1"]
[SourceVersionDate "2021.10.06"]
[SourceQuality "1"]

1. e4 e6 2. d4 d5 3. e5 c5 4. c3 Nc6 5. Nf3 cxd4 6. cxd4 f6 7. exf6 Nxf6 8. Be2 Qb6 9. 0-0 g6 10. b3 Bg7 11. Bb2 0-0 12. Na3 a6 13. Nc2 Bd7 14. Ba3 Rfc8 15. Bb2 1/2-1/2

[Event "CAN-ch U16"]
[Site "Quebec"]
[Date "2018.07.03"]
[Round "3.25"]
[White "Yang, Brett"]
[Black "Leblanc, Miguel"]
[Result "0-1"]
[WhiteElo "1323"]
[BlackElo "1332"]
[PlyCount "44"]
[EventDate "2018.07.02"]
[EventType "swiss"]
[EventRounds "7"]
[EventCountry "CAN"]
[SourceTitle "EXT 2022"]
[Source "ChessBase"]
[SourceDate "2021.10.06"]
[SourceVersion "1"]
[SourceVersionDate "2021.10.06"]
[SourceQuality "1"]

1. c4 e5 2. g3 Nf6 3. Bg2 Nc6 4. Nc3 Bb4 5. e3 Bxc3 6. bxc3 0-0 7. Ne2 d5 8. cxd5 Nxd5 9. d4 exd4 10. cxd4 Re8 11. 0-0 Bf5 12. Qb3 Nb6 13. Bd2 Be6 14. Qc2 Qd7 15. Nf4 Bf5 16. Qb3 Be4 17. a4 Bxg2 18. Kxg2 a5 19. Rfc1 Rec8 20. Rc5 Nxd4 21. exd4 Qxd4 22. Be3 Qxa1 0-1

[Event "CAN-ch U14"]
[Site "Sault Ste Marie"]
[Date "2017.07.10"]
[Round "7.40"]
[White "Yang, Brett"]
[Black "Makarczyk, David"]
[Result "0-1"]
[WhiteElo "1247"]
[BlackElo "1414"]
[PlyCount "58"]
[EventDate "2017.07.06"]
[EventType "swiss"]
[EventRounds "7"]
[EventCountry "CAN"]
[SourceTitle "EXT 2022"]
[Source "ChessBase"]
[SourceDate "2021.10.06"]
[SourceVersion "1"]
[SourceVersionDate "2021.10.06"]
[SourceQuality "1"]

1. e4 c5 2. Nf3 Nc6 3. d4 cxd4 4. Nxd4 e5 5. Nb5 d6 6. Bc4 Nf6 7. N1c3 a6 8. Na3 b5 9. Bd5 Bd7 10. Ne2 Rc8 11. Bg5 Be7 12. Ng3 Nxd5 13. exd5 Bxg5 14. dxc6 Rxc6 15. c3 0-0 16. Ne4 Be7 17. 0-0 Be6 18. Re1 f6 19. Qd2 d5 20. Ng3 Bxa3 21. bxa3 Qa5 22. Qb2 Qxc3 23. Qxc3 Rxc3 24. Re3 Rfc8 25. Ree1 Rxa3 26. f4 e4 27. Ne2 Rc4 28. Rac1 Rxa2 29. Rxc4 bxc4 0-1

[Event "CAN-ch U14"]
[Site "Sault Ste Marie"]
[Date "2017.07.07"]
[Round "4.40"]
[White "Yang, Brett"]
[Black "Shinn, Jungmin"]
[Result "1/2-1/2"]
[WhiteElo "1247"]
[BlackElo "1079"]
[PlyCount "50"]
[EventDate "2017.07.06"]
[EventType "swiss"]
[EventRounds "7"]
[EventCountry "CAN"]
[SourceTitle "EXT 2022"]
[Source "ChessBase"]
[SourceDate "2021.10.06"]
[SourceVersion "1"]
[SourceVersionDate "2021.10.06"]
[SourceQuality "1"]

1. e4 c5 2. Nf3 d6 3. d4 cxd4 4. Nxd4 Nf6 5. Nc3 a6 6. Bd3 Nc6 7. Nxc6 bxc6 8. 0-0 Bg4 9. Be2 Bxe2 10. Qxe2 e5 11. Bg5 h6 12. Bh4 Be7 13. Rad1 0-0 14. Rd3 Ne8 15. Bg3 Qc8 16. f4 Bf6 17. fxe5 Bxe5 18. Bxe5 dxe5 19. Rg3 Qe6 20. b3 Nf6 21. Qf3 Nh7 22. Qf5 Qxf5 23. Rxf5 f6 24. Kf2 Rad8 25. Ke3 Ng5 1/2-1/2

[Event "CAN-ch U14"]
[Site "Sault Ste Marie"]
[Date "2017.07.06"]
[Round "2.40"]
[White "Yang, Brett"]
[Black "Huang, Jingran"]
[Result "1-0"]
[WhiteElo "1247"]
[BlackElo "1015"]
[PlyCount "107"]
[EventDate "2017.07.06"]
[EventType "swiss"]
[EventRounds "7"]
[EventCountry "CAN"]
[SourceTitle "EXT 2022"]
[Source "ChessBase"]
[SourceDate "2021.10.06"]
[SourceVersion "1"]
[SourceVersionDate "2021.10.06"]
[SourceQuality "1"]

1. e4 c5 2. Nf3 d6 3. d4 cxd4 4. Nxd4 Nf6 5. Nc3 a6 6. Bd3 Bd7 7. 0-0 e6 8. Bg5 Be7 9. Re1 Nc6 10. Nce2 h6 11. Bh4 0-0 12. Nxc6 Bxc6 13. Nd4 Bd7 14. c3 d5 15. e5 Ne8 16. Bxe7 Qxe7 17. Rc1 f6 18. Qe2 Nc7 19. a3 Rac8 20. c4 fxe5 21. Qxe5 Qf6 22. Qxf6 Rxf6 23. cxd5 Nxd5 24. Rxc8+ Bxc8 25. g3 Kf7 26. Re5 g6 27. Be4 Ne7 28. Rc5 b5 29. Nc6 Bd7 30. Nb8 Bc8 31. Rc7 e5 32. Nc6 Bf5 33. Bd5+ Be6 34. Nxe7 Ke8 35. Bxe6 Rxe6 36. Nd5 Rd6 37. Nc3 h5 38. Rc5 Re6 39. Nd5 Rd6 40. Kf1 Kd7 41. Ke2 Ke6 42. Nb4 a5 43. Nd3 Rd5 44. Rxd5 Kxd5 45. Ke3 g5 46. f4 gxf4+ 47. gxf4 exf4+ 48. Kxf4 Kd4 49. Ne5 h4 50. Ng6 h3 51. Kg3 Kd3 52. Kxh3 Kc2 53. b4 axb4 54. axb4 1-0